| 000 | 00680nam a22001937a 4500 | ||
|---|---|---|---|
| 999 |
_c101271 _d101271 |
||
| 005 | 20230125151621.0 | ||
| 010 | _aENG-115425 ENG-136052 | ||
| 020 |
_a9788192853406 _c1550.00 |
||
| 035 | _aEN-98957 | ||
| 035 | _aEN-119584 | ||
| 037 | _bDBAD/PUB | ||
| 082 | _a338.6420954 | ||
| 100 | _a Mohinder Singh | ||
| 245 |
_aManagement of micro small and medium enterprises (MSME'S) in India / _cby Mohinder Singh |
||
| 260 |
_aKurushetra (Haryana) _bNirmal Publishing House _c2014 |
||
| 270 |
_aopp. Kurukshetra University IIIrd Gate, _bKurukshetra _e136119 |
||
| 300 |
_axxi,570p. _c23cm(pbk) |
||
| 942 |
_2ddc _cEN _h338.6420954 _mMOH |
||